Statistics for Guess the Sports Team by the Player #1

Click here to take the quiz!

General Stats

  • This quiz has been taken 8 times
  • The average score is 5 of 15

Answer Stats

HintAnswer% Correct
Brock PurdySan Francisco 49ers
71%
Emre CanBorussia Dortmund
57%
Cade CunninghamDetroit Pistons
57%
Anthony EdwardsMinnesota Timberwolves
57%
Lewis DunkBrighton and Hove Albion
43%
Nicolas ClaxtonBrooklyn Nets
43%
Isiah PachecoKansas City Chiefs
43%
D.J StewartNew York Mets
43%
Connor JoePittsburgh Pirates
29%
Nacho FernandezReal Madrid
29%
Daulton VarshoToronto Blue Jays
29%
Curtis LazarNew Jersey Devils
14%
Cody FordCincinnati Bengals
0%
Joe PavelskiDallas Stars
0%
Mats ZuccarelloMinnesota Wild
0%

Score Distribution

Percentile by Number Answered

Percent of People with Each Score

Your Score History

You have not taken this quiz